00529nam a2200181Ia 4500003000900000008004100009020001800050040001600068080001500084100002100099245006500120250001200185260003400197300001600231490003900247650004100286650002000327IN-BaIIA211028s9999 xx 000 0 eng d a3-540-96575-0 cIIA Library a52-77bGAL aVerschuur, G. L. 0aGalactic and extra galactic radio astronomycG. L. Verschuur a2nd ed. aBerlinbSpringer-Verlagc1988 axxii, 694p. aAstronomy and astrophysics library aAstronomy and astrophysics thesaurus aRadio astronomy